One Piece - Personnages combattant lors de l'arc Skypiéa - Statistiques

Statistiques générales
  • Ce quiz a été pris 589 fois
  • Le résultat moyen est 16 sur 30
Statistiques - réponses
Réponse % Correct
Monkey D Luffy
99%
Ener
98%
Nami
98%
Roronoa Zoro
98%
Vinsmoke Sanji
98%
Nico Robin
97%
Tony Tony Chopper
97%
Usopp
97%
Wiper
75%
Satori
63%
Ohm
62%
Conis
61%
Gedatsu
55%
Pierre
50%
Shura
50%
Gan Forr
49%
Laki
46%
Kotori
37%
Hotori
36%
Kamakiri
34%
Yama
34%
Braham
30%
Genbo
22%
Holy
21%
Nola
21%
McKinley
20%
Fuza
16%
Mayushika
7%
Warashi
7%
Yotsubane
6%
Aucun quiz correspondant
Distribution des résultats
% des personnes avec chaque résultat
Percentile par nombre de réponses
Votre historique - résultats
Vous n’avez pas pris ce quiz